000 005940000a22001810004500
003 LK-CoMWRAF
008 230817t ||||| |||| 00| 0 eng d
040 _aLK-CoMWRAF
_dLK-CoMWRAF
_eLK-CoMWRAF
041 _aeng
082 _a792
_bMAJ
100 _aMajeed, Maruthur A.
245 _aThenkilakku Muslimkalin Poorveega Varalaru (Aaiviyal)
_bAncient History of South Eastern Muslims
260 _bMaruthur Publication Centre
_aSri Lanka (Kalmunai - Sainthamaruthu 03)
_c2001
300 _ap.108
650 _aKalvi Varalaru - Educational History
650 _aPoorveega Varalaru
942 _cBK
999 _c1897
_d1897